00739nam 22002173 4500001000700000010001800007021002300025090001100048100004100059200007000100210002800170215003300198606002900231675002500260700003200285702004400317801001800361830002900379990001100408995010200419202141 a84-204-8032-0 bM. 38.561-1985aES a202141 a20230112d u||y0pory50 ba aLusitaniafAlmeida Fariagtraducción de Miguel Ángel Viqueira aMadridcAlfaguarad1985 a140, [3] p.cbrochadod22 cm aLiteratura Portuguesa96 a821.134.3-3vESzesp 91040aFariabAlmeidaf1943- 917289aViqueirabMiguel Ángel f1952- aPTbBMMNgRPC cAna FalardofAna Falardo cLIVROS 002052026-05-12931849bBMMNf31569k821.134.3-3 FAR|SAFo0rLIVROSuAcesso CondicionadosOferta